00606nam a2200181Ia 450000500170000000800410001702000070005808200130006510000180007824500920009626000590018830000180024765000240026565000190028994200060030895200950031499900150040920250128004351.0240331s9999 xx 000 0 und d a  bDEVa948 aDevaraj, P.P 0aRights and power sharing Issues in Sri Lanka with specialfocus on Indian Tamil comunity aColombobFoundation for Community Transformationc2006 aiii, 81 p .,  aFundamental Rights aMulti Cultural cL 001040708LaWERCLbWERCLcSSCd2024-03-31l0o 948 DEVp5764r2024-03-31w2024-03-31yL c3998d3998